[Event "OGOLNOPOLSKA OLIMPIADA MLODZIEZY<br/>MISTRZOSTWA POLSKI JUNIOROW 2016 - C14"]
[Site "Olecko"]
[Date "2016-05-07"]
[Round "7.1"]
[White "Kozak, Antoni"]
[Black "Teclaf, Pawel"]
[Result "1/2-1/2"]
[WhiteTitle "I"]
[BlackTitle "CM"]
[WhiteElo "1932"]
[BlackElo "2214"]

1. e4 c5 2. Nf3 d6 3. Bb5+ Nd7 4. d4 cxd4 5. Qxd4 a6 6. Bxd7+ Bxd7 7. O-O Rc8 8.
Nc3 e5 9. Qd3 h6 10. a4 Nf6 11. Rd1 Be7 12. Nd2 Qc7 13. Nf1 O-O 14. a5 Be6 15.
Be3 Qc6 16. f3 Nd7 17. Bf2 f5 18. Ne3 fxe4 19. Nxe4 Nc5 20. Nxc5 Qxc5 21. b3 Qc3
22. Nd5 Qxd3 23. Nxe7+ Kf7 24. Rxd3 Kxe7 25. c4 Bf5 26. Rd2 Rfd8 27. Rad1 Be6
28. Rd3 Bf5 29. R3d2 Be6 30. Rd3 Bf5 31. R3d2 1/2-1/2

[Event "OGOLNOPOLSKA OLIMPIADA MLODZIEZY<br/>MISTRZOSTWA POLSKI JUNIOROW 2016 - C14"]
[Site "Olecko"]
[Date "2016-05-07"]
[Round "7.2"]
[White "Nowak, Mikolaj"]
[Black "Pultorak, Jan"]
[Result "1/2-1/2"]
[WhiteTitle "I++"]
[BlackTitle "FM"]
[WhiteElo "2024"]
[BlackElo "2301"]

1. d4 Nf6 2. c4 g6 3. Nc3 d5 4. cxd5 Nxd5 5. Bd2 Bg7 6. e4 Nxc3 7. Bxc3 O-O 8.
Qd2 Nc6 9. d5 Nb8 10. Bxg7 Kxg7 11. h4 h5 12. Be2 e5 13. Nf3 Qd6 14. Qc3 Re8 15.
Nd2 c6 16. Nc4 Qf6 17. Ne3 Bd7 18. f3 cxd5 19. Nxd5 Qd6 20. Qc7 Qe6 21. Qxb7 Bc6
22. Qb3 Bxd5 23. Qxd5 Qxd5 24. exd5 Rd8 25. O-O-O Nd7 26. Kb1 Nc5 27. Bb5 Rd6
28. Bc6 Rad8 29. Rhe1 f6 30. Kc2 a6 31. Re3 Ne6 32. Ra3 Nd4+ 33. Rxd4 exd4 34.
Rxa6 g5 35. hxg5 fxg5 36. a4 g4 37. fxg4 hxg4 38. a5 Rf6 39. Rb6 Rf2+ 40. Kd3
Rxg2 41. a6 g3 42. a7 Rd2+ 43. Kxd2 g2 44. Rb8 g1=Q 45. Rxd8 Qe3+ 46. Kd1 d3 47.
Rg8+ Kh7 48. Rh8+ 1/2-1/2

[Event "OGOLNOPOLSKA OLIMPIADA MLODZIEZY<br/>MISTRZOSTWA POLSKI JUNIOROW 2016 - C14"]
[Site "Olecko"]
[Date "2016-05-07"]
[Round "7.3"]
[White "Pniaczek, Marek"]
[Black "Fus, Jakub"]
[Result "1-0"]
[WhiteTitle "I+"]
[BlackTitle "I+"]
[WhiteElo "1855"]
[BlackElo "1936"]

1. e4 e6 2. d4 d5 3. Nd2 Be7 4. Ngf3 Nf6 5. e5 Nfd7 6. Bd3 c5 7. c3 b6 8. Qe2 a5
9. O-O Ba6 10. Bxa6 Nxa6 11. Rd1 Nc7 12. a4 c4 13. b3 cxb3 14. Nxb3 O-O 15. Ba3
f6 16. Nc1 fxe5 17. Nxe5 Nxe5 18. Qxe5 Rf5 19. Bxe7 Qxe7 20. Qg3 Rg5 21. Qe3 Rg6
22. Nd3 Rf6 23. Rab1 Rb8 24. Ne5 Qd6 25. Qg3 Rf5 26. Rd2 Rc8 27. Rdb2 Na8 28.
Rb3 Rc7 29. h3 Rf8 30. R1b2 Rfc8 31. Re2 Re8 32. Re3 Rf8 33. Qg4 Rf6 34. Qg3 Rf8
35. h4 Rf5 36. Rb1 Rb7 37. Rf3 Rxf3 38. Qxf3 Qe7 39. g3 Rc7 40. Qd3 Qe8 41. Qc2
Qc8 42. Rc1 Qe8 43. Qb3 Qc8 44. Qb5 Kf8 45. Kg2 Qe8 46. Qb3 Rb7 47. c4 Rc7 48.
Qa3+ Qe7 49. Qf3+ Kg8 50. Rb1 Qf8 51. c5 Qxf3+ 52. Kxf3 Rb7 53. c6 Rc7 54. Kf4
Rc8 55. f3 Kf8 56. h5 Ke7 57. Kg5 Rf8 58. g4 Kd6 59. Kh4 Rf4 60. Rd1 Nc7 61. Kg3
Rf8 62. Rb1 Na8 63. f4 Kc7 64. h6 g6 65. Rc1 Kd6 66. c7 Rc8 67. Rc6+ Ke7 68. Nxg6+
hxg6 69. h7 Kd7 70. f5 gxf5 71. g5 Ke7 72. h8=Q Rxh8 73. c8=Q Rxc8 74. Rxc8 1-0

[Event "OGOLNOPOLSKA OLIMPIADA MLODZIEZY<br/>MISTRZOSTWA POLSKI JUNIOROW 2016 - C14"]
[Site "Olecko"]
[Date "2016-05-07"]
[Round "7.4"]
[White "Ochowicz, Jakub"]
[Black "Kosakowski, Jakub"]
[Result "1/2-1/2"]
[WhiteTitle "I+"]
[BlackTitle "k"]
[WhiteElo "2040"]
[BlackElo "2202"]

1. e4 c5 2. Nf3 d6 3. d4 cxd4 4. Nxd4 Nf6 5. Nc3 a6 6. Be3 e5 7. Nf3 Be7 8. Bc4
O-O 9. O-O Be6 10. Bb3 Qc7 11. Qe2 Rc8 12. Rfd1 Nbd7 13. Bg5 h6 14. Bxf6 Nxf6
15. Ne1 b5 16. Nd5 Nxd5 17. Bxd5 Bxd5 18. Rxd5 Qb6 19. Rad1 Rc4 20. c3 Rac8 21.
Nc2 R4c5 22. Ne3 g6 23. Qg4 h5 24. Qg3 Bf8 25. Qg5 b4 26. Rxc5 Qxc5 27. c4 Qa5
28. Nd5 Rxc4 29. Nf6+ Kh8 30. b3 Rc2 31. Nd7 Bg7 32. Qe7 Qc7 33. Qe8+ Kh7 34.
Qxf7 Kh6 35. g3 Rc1 36. Rxc1 Qxc1+ 37. Kg2 Qc6 38. Nf6 Bxf6 39. Qxf6 Qxe4+ 40.
Kg1 Qe1+ 1/2-1/2

[Event "OGOLNOPOLSKA OLIMPIADA MLODZIEZY<br/>MISTRZOSTWA POLSKI JUNIOROW 2016 - C14"]
[Site "Olecko"]
[Date "2016-05-07"]
[Round "7.5"]
[White "Strzelecki, Maciej"]
[Black "Mis, Mieszko"]
[Result "1/2-1/2"]
[WhiteTitle "I"]
[BlackTitle "I+"]
[WhiteElo "1813"]
[BlackElo "2069"]

1. e4 d5 2. exd5 Qxd5 3. Nc3 Qa5 4. d4 Nf6 5. Bc4 Bf5 6. Nf3 c6 7. Bd2 e6 8. Nd5
Qd8 9. Nxf6+ Qxf6 10. c3 Nd7 11. Qe2 Nb6 12. Bb3 Bg4 13. h3 Bxf3 14. gxf3 Bd6
15. O-O-O O-O-O 16. Kb1 Rhe8 17. Rhg1 h6 18. Rg4 Nd5 19. Ka1 Nf4 20. Bxf4 Bxf4
21. Rgg1 g5 22. Qe4 Kb8 23. Rd3 Rd7 24. Rgd1 Qf5 25. Rh1 Qa5 26. Rhd1 f5 27. Qe2
Rde7 28. Qc2 Qc7 29. a3 a6 30. c4 Bd6 31. Qd2 c5 32. Ba4 Rc8 33. dxc5 Bf4 34.
Qb4 Qxc5 35. Rd8 Qxb4 36. axb4 Rec7 37. Rxc8+ Kxc8 38. c5 a5 39. bxa5 Rxc5 40.
Bd7+ Kc7 41. Bxe6 Rxa5+ 42. Kb1 Re5 43. Bc4 b5 44. Bd3 Rd5 45. Bc2 Rxd1+ 46. Bxd1
Be5 47. Be2 Kc6 48. Kc2 Bd4 49. Bd3 f4 50. Bg6 Kc5 51. Kd3 Bxb2 52. Bf7 Bd4 53.
Ke4 Bxf2 54. Kd3 Be3 55. Be6 Kb4 56. Bd7 Kc5 57. Be6 Kd6 58. Bb3 Ke5 59. Bg8 Kf5
60. Bh7+ Kf6 61. Ke4 b4 62. Kd5 b3 63. Kc4 b2 64. Kc3 Bc1 65. Kc2 Ke5 66. Kc3
h5 67. Bd3 g4 68. fxg4 hxg4 69. hxg4 f3 70. g5 f2 71. Kc2 Ke6 72. g6 Kf6 73. Kb1
Kg7 74. Kc2 Kh6 75. Kb1 Kg7 76. Kc2 Kg8 77. Kb1 Kf8 78. Kc2 Bd2 79. Kxb2 Kg7 1/2-1/2

[Event "OGOLNOPOLSKA OLIMPIADA MLODZIEZY<br/>MISTRZOSTWA POLSKI JUNIOROW 2016 - C14"]
[Site "Olecko"]
[Date "2016-05-07"]
[Round "7.6"]
[White "Pytel, Maciej"]
[Black "Kokoszczynski, Jan"]
[Result "1-0"]
[WhiteTitle "I"]
[BlackTitle "k"]
[WhiteElo "1904"]
[BlackElo "1983"]

1. e4 c5 2. Nf3 d6 3. d4 cxd4 4. Nxd4 Nf6 5. Nc3 a6 6. Bg5 Nbd7 7. f4 Qc7 8. Qe2
e6 9. O-O-O Be7 10. g4 b5 11. Bxf6 Nxf6 12. g5 Nd7 13. h4 Nc5 14. f5 Bd7 15. Bh3
b4 16. Nb1 Rb8 17. fxe6 fxe6 18. Nd2 O-O 19. Qc4 Qc8 20. Rdf1 Rxf1+ 21. Rxf1 Bb5
22. Nxb5 axb5 23. Qe2 Qa6 24. Nb3 Rf8 25. Rxf8+ Bxf8 26. Kb1 Qc6 27. Nd4 Qxe4
28. Qxe4 Nxe4 29. Bxe6+ Kh8 30. Kc1 h6 31. Bd5 Nc5 32. Nxb5 Be7 33. gxh6 gxh6
34. h5 Kg7 35. Kd2 Kf6 36. c3 bxc3+ 37. bxc3 Ke5 38. c4 Bd8 39. Na7 Ne4+ 40. Kd3
Nc5+ 41. Ke2 Bb6 42. Nc6+ Kf4 43. Kd2 Kg5 44. Bf3 Ne6 45. a4 Nf4 46. a5 Bg1 47.
a6 Nxh5 48. a7 Bxa7 49. Nxa7 Ng7 50. Nb5 Kf4 51. Be2 Ke5 52. Kd3 Ne6 53. Bf3 Nc5+
54. Ke3 h5 55. Nd4 h4 56. Nc6+ Ke6 57. Kf4 Nd3+ 58. Kg4 Nb2 59. Bd5+ Kd7 60. Nd4
Nxc4 61. Bxc4 d5 62. Bxd5 Kd6 63. Bg2 Ke5 64. Nf3+ Ke4 65. Nxh4+ Ke5 66. Ba8 Kd4
67. Kf4 Kd3 68. Nf3 Kc4 69. Ke4 Kc3 70. Bd5 Kc2 71. Kd4 Kb2 72. Kd3 Kc1 73. Nd4
Kb2 74. Bc4 Ka1 75. Kc3 Kb1 76. Nc2 Kc1 77. Ba2 Kd1 78. Bc4 Kc1 79. Nb4 Kb1 80.
Be2 Ka1 81. Bd1 Kb1 82. Bc2+ Ka1 83. Nd5 Ka2 84. Ne3 Ka1 85. Be4 Ka2 86. Nc2 Kb1
87. Kd2 Kb2 88. Nd4 Ka1 89. Kc2 Ka2 90. Nb3 Ka3 91. Kc3 Ka2 92. Bc2 Ka3 93. Bb1
Ka4 94. Nd4 Ka3 95. Nb5+ Ka4 96. Kc4 Ka5 97. Kc5 Ka6 98. Nd6 Ka5 99. Bc2 Ka6 100.
Bd1 Ka5 101. Nb7+ Ka6 102. Kc6 Ka7 103. Kc7 Ka6 104. Be2+ Ka7 105. Bb5 Ka8 106.
Nd6 Ka7 107. Nc8+ 1-0

[Event "OGOLNOPOLSKA OLIMPIADA MLODZIEZY<br/>MISTRZOSTWA POLSKI JUNIOROW 2016 - C14"]
[Site "Olecko"]
[Date "2016-05-07"]
[Round "7.7"]
[White "Szpar, Milosz"]
[Black "Lis, Mateusz"]
[Result "0-1"]
[WhiteTitle "I"]
[BlackTitle "I"]
[WhiteElo "1956"]
[BlackElo "1998"]

1. e4 c5 2. Nf3 e6 3. d4 cxd4 4. Nxd4 a6 5. Bd3 Nf6 6. O-O Qc7 7. Qe2 d6 8. c4
g6 9. Nc3 Bg7 10. Rd1 O-O 11. Be3 Nbd7 12. Rac1 b6 13. f3 Bb7 14. b3 Rac8 15.
Qd2 Rfe8 16. Bf1 Qb8 17. Nde2 Bf8 18. Nf4 Qa8 19. Kh1 Kh8 20. Na4 Rc6 21. Qf2
Nc5 22. Nc3 Qb8 23. Nd3 Bg7 24. Bd4 Rd8 25. Re1 Nfd7 26. Nb4 Rcc8 27. Rcd1 Kg8
28. Nc2 Bc6 29. Rd2 Ne5 30. Ne3 Ned3 31. Bxd3 Bxd4 32. Ne2 Bg7 33. Red1 b5 34.
Qg3 Bh6 35. Qf2 Qb6 36. Nd4 Nxb3 37. axb3 Qxd4 38. Nf5 Qxf2 39. Nxh6+ Kg7 40.
Rxf2 Kxh6 41. Ra2 bxc4 42. Bxc4 Bb5 43. Bxb5 axb5 44. Ra5 Rb8 45. Kg1 Kg7 46.
Rd4 Rb7 47. Ra6 d5 48. Rc6 Kf6 49. Rxd5 Ra8 50. Rd3 Ra2 51. Rcd6 Rb2 52. Rd2 Rxb3
53. Kf2 h5 54. R6d3 Rb4 55. Ke3 Rb1 56. Rd1 Rxd1 57. Rxd1 b4 58. Rb1 b3 59. Rb2
Ke5 60. g3 g5 61. h3 f5 62. f4+ gxf4+ 63. gxf4+ Kd6 64. exf5 exf5 65. Kd3 Rb4
66. Kc3 Rxf4 67. Kxb3 Rf3+ 68. Kc4 Rxh3 69. Re2 Rh4+ 70. Kd3 Kd5 71. Re8 Rd4+
72. Kc3 Re4 73. Rh8 h4 74. Kd3 Ke5 75. Rh5 Ra4 76. Ke2 Ra2+ 77. Kf1 Ra4 78. Kg2
Kf6 79. Rh8 Kg5 80. Kf2 Ra2+ 81. Kg1 Kg4 82. Rh7 h3 83. Rg7+ Kf3 84. Rh7 Ra1+
85. Kh2 f4 86. Rxh3+ Kf2 87. Rh7 f3 88. Rb7 Kf1 89. Kg3 f2 90. Kh2 Ke2 91. Re7+
Kd3 0-1

[Event "OGOLNOPOLSKA OLIMPIADA MLODZIEZY<br/>MISTRZOSTWA POLSKI JUNIOROW 2016 - C14"]
[Site "Olecko"]
[Date "2016-05-07"]
[Round "7.8"]
[White "Sanz Wawer, Daniel"]
[Black "Musial, Tomasz"]
[Result "1-0"]
[WhiteTitle "k"]
[BlackTitle "II+"]
[WhiteElo "1988"]
[BlackElo "1799"]

1. d4 e6 2. c4 d5 3. Nc3 Nf6 4. cxd5 exd5 5. Bg5 Be7 6. e3 O-O 7. Bd3 Nbd7 8. Nf3
Re8 9. Qc2 Nf8 10. O-O c6 11. Rab1 g6 12. b4 a6 13. a4 Bd7 14. b5 axb5 15. axb5
Ne6 16. Bh4 Ng7 17. bxc6 bxc6 18. Na4 Nf5 19. Bg5 Nd6 20. Nb6 Ra5 21. Ne5 Bf5
22. Nxc6 1-0

[Event "OGOLNOPOLSKA OLIMPIADA MLODZIEZY<br/>MISTRZOSTWA POLSKI JUNIOROW 2016 - C14"]
[Site "Olecko"]
[Date "2016-05-07"]
[Round "7.9"]
[White "Pacan-milej, Kosma"]
[Black "Majocha, Piotr"]
[Result "1-0"]
[WhiteTitle "I"]
[BlackTitle "I"]
[WhiteElo "1967"]
[BlackElo "1703"]

1. d4 Nf6 2. Bg5 g6 3. Bxf6 exf6 4. e3 Bg7 5. g3 O-O 6. Bg2 c5 7. c3 cxd4 8. cxd4
d6 9. Ne2 Qb6 10. Qd2 Nc6 11. O-O f5 12. Na3 Qd8 13. Rac1 d5 14. Nb5 Be6 15. Nf4
Qd7 16. Nc3 Ne7 17. Qc2 Rac8 18. Qb3 Rfd8 19. a3 b6 20. Qb5 Qxb5 21. Nxb5 Nc6
22. Nc3 Ne7 23. Ncxd5 Nxd5 24. Rxc8 Rxc8 25. Bxd5 Bxd5 26. Nxd5 Rc2 27. Rb1 Bf8
28. Nf4 Bd6 29. Nd3 Kf8 30. Rd1 Ke7 31. Kf1 Ke6 32. Ke1 h5 33. Rc1 Rxc1+ 34. Nxc1
h4 35. Ke2 hxg3 36. hxg3 Kd5 37. Kd3 Bc7 38. Ne2 Bd8 39. Nc3+ Kc6 40. Kc4 a6 41.
a4 Be7 42. b4 Bd8 43. b5+ axb5+ 44. Nxb5 Be7 45. Nc3 Bf6 46. Nd5 Bd8 47. Nf4 Bc7
48. Nd3 f6 49. Nf4 g5 50. Nh5 Bd8 51. Ng7 f4 52. gxf4 gxf4 53. Ne6 fxe3 54. Nxd8+
Kd7 55. fxe3 Kxd8 56. Kd5 Kd7 57. e4 Kc7 58. Ke6 1-0

[Event "OGOLNOPOLSKA OLIMPIADA MLODZIEZY<br/>MISTRZOSTWA POLSKI JUNIOROW 2016 - C14"]
[Site "Olecko"]
[Date "2016-05-07"]
[Round "7.10"]
[White "Godzwon, Iwo"]
[Black "Namyslak, Piotr"]
[Result "1/2-1/2"]
[WhiteTitle "I"]
[BlackTitle "I"]
[WhiteElo "1836"]
[BlackElo "1775"]

1. e4 e6 2. d4 d5 3. Nd2 Nf6 4. e5 Nfd7 5. Bd3 c5 6. c3 Nc6 7. Ne2 cxd4 8. cxd4
f6 9. exf6 Nxf6 10. O-O Bd6 11. Nf3 O-O 12. Bf4 Bxf4 13. Nxf4 Qd6 14. Ne2 Bd7
15. Ng3 Rac8 16. a3 e5 17. dxe5 Nxe5 18. Be2 Nxf3+ 19. Bxf3 Rfe8 20. Qd2 Re5 21.
Rac1 Rce8 22. Rfd1 Ba4 23. Rf1 Bb5 24. Rfe1 Kf7 25. Rxe5 Qxe5 26. h3 Bc6 27. b4
a6 28. Ne2 Ne4 29. Qd4 Kf6 30. Bxe4 dxe4 31. Rc5 Qxd4 32. Nxd4 Rc8 33. Rf5+ Ke7
34. Re5+ Kd6 35. Nxc6 Rxc6 36. Rxe4 Rc1+ 37. Kh2 Rc3 38. Re3 Rc4 39. Kg3 g5 40.
Kf3 h5 41. Rb3 b5 42. g3 Ke5 43. Rd3 Rc1 44. h4 g4+ 45. Ke3 Rc6 46. f3 gxf3 47.
Kxf3 Rc4 48. Rb3 Kf5 49. Re3 Rc6 50. Rd3 Ke5 51. g4 hxg4+ 52. Kxg4 Rg6+ 53. Kh5
Rg8 54. Rc3 Rh8+ 55. Kg4 Rg8+ 56. Kh3 Rg6 57. h5 Rd6 58. Kh4 Kf6 59. Rg3 Rd4+
60. Rg4 Rd1 61. Rg6+ Kf5 62. Rxa6 Rh1+ 63. Kg3 Rxh5 64. Ra5 Rg5+ 65. Kf3 Ke6 66.
Ra6+ Kd5 67. Kf4 Rg8 68. Ra5 Rf8+ 69. Ke3 Kc4 70. Ke4 Re8+ 71. Kf5 Re7 72. Kf6
Re3 73. a4 Kxb4 74. Rxb5+ Kxa4 75. Re5 Rxe5 76. Kxe5 1/2-1/2

[Event "OGOLNOPOLSKA OLIMPIADA MLODZIEZY<br/>MISTRZOSTWA POLSKI JUNIOROW 2016 - C14"]
[Site "Olecko"]
[Date "2016-05-07"]
[Round "7.11"]
[White "Wierzbicki, Michal"]
[Black "Ossolinski, Ziemowit"]
[Result "0-1"]
[WhiteTitle "I"]
[BlackTitle "I"]
[WhiteElo "1708"]
[BlackElo "1849"]

1. d4 d5 2. Nf3 Nf6 3. c4 dxc4 4. e3 c5 5. Bxc4 a6 6. a4 Nc6 7. O-O Qc7 8. Qe2
Bg4 9. d5 Ne5 10. Nbd2 g6 11. h3 Nxc4 12. Qxc4 Bd7 13. Ne4 Nxe4 14. Qxe4 Bg7 15.
Rd1 Bf5 16. Qc4 O-O 17. e4 Bd7 18. Be3 Rfc8 19. Qc2 Qd6 20. Nd2 c4 21. Nb1 b5
22. axb5 axb5 23. Rxa8 Rxa8 24. f4 Qb4 25. Nc3 e5 26. fxe5 Bxe5 27. Rf1 Qe7 28.
Ne2 Re8 29. Ra1 Bb8 30. Kf2 f5 31. Bd4 fxe4 32. Ra6 Qh4+ 33. g3 Rf8+ 34. Kg1 Qxh3
35. Bf6 Rxf6 36. Rxf6 Ba7+ 37. Rf2 Qf5 38. Nc3 Qf3 39. Nxe4 Bxf2+ 40. Nxf2 Qxd5
41. Ne4 Qd4+ 42. Kh2 Bf5 43. Qd2 Qxe4 44. Qd8+ Kf7 45. Qc7+ Qe7 0-1

[Event "OGOLNOPOLSKA OLIMPIADA MLODZIEZY<br/>MISTRZOSTWA POLSKI JUNIOROW 2016 - C14"]
[Site "Olecko"]
[Date "2016-05-07"]
[Round "7.12"]
[White "Kukorowski, Jan"]
[Black "Mietkiewicz, Jacek"]
[Result "0-1"]
[WhiteTitle "I"]
[BlackTitle "I"]
[WhiteElo "1706"]
[BlackElo "1750"]

1. e4 c5 2. Nf3 e6 3. d4 cxd4 4. Nxd4 Nc6 5. Nf3 d6 6. Nc3 a6 7. Be3 Nf6 8. a4
Be7 9. Bc4 O-O 10. Bg5 Qa5 11. O-O Rd8 12. Bb3 d5 13. exd5 Nxd5 14. Nxd5 exd5
15. Bxe7 Nxe7 16. Re1 Ng6 17. Qd4 Bf5 18. Rad1 Rac8 19. Rd2 Be4 20. Ng5 Bxc2 21.
Bxc2 Rxc2 22. Nf3 Rc4 23. Qa7 Re4 24. Red1 Rb4 25. h3 h6 26. Ne1 Ne5 27. Re2 Qxa4
28. Nc2 Rxb2 29. Rxe5 Qxc2 30. Rde1 d4 31. R5e2 Qxe2 32. Rxe2 Rxe2 33. Qxb7 Re1+
34. Kh2 d3 35. Qb6 Ree8 0-1

[Event "OGOLNOPOLSKA OLIMPIADA MLODZIEZY<br/>MISTRZOSTWA POLSKI JUNIOROW 2016 - C14"]
[Site "Olecko"]
[Date "2016-05-07"]
[Round "7.13"]
[White "Kopec, Norbert"]
[Black "Poziomkowski, Szymon"]
[Result "0-1"]
[WhiteTitle "II"]
[BlackTitle "I"]
[WhiteElo "1558"]
[BlackElo "1726"]

1. e4 c5 2. Nf3 e6 3. d4 cxd4 4. Nxd4 a6 5. Bd3 b5 6. O-O Qc7 7. Nc3 Nf6 8. a3
Bb7 9. Kh1 d6 10. f4 Nbd7 11. Qe2 g6 12. Nf3 Bg7 13. Nh4 O-O 14. g4 d5 15. Ng2
Nc5 16. exd5 Nxd5 17. Ne4 Nxd3 18. cxd3 Rac8 19. f5 exf5 20. gxf5 Qc2 21. Rf2
Qc6 22. fxg6 hxg6 23. Bg5 f5 24. Ng3 Bd4 25. Rc1 Qxc1+ 26. Bxc1 Rxc1+ 27. Nf1
Bxf2 28. Qe6+ Kg7 29. h3 Rxf1+ 30. Kh2 Ne3 31. Qe5+ Rf6 32. Qe7+ Rf7 33. Qe5+
Kh7 34. Qe6 Rg7 35. Nxe3 Rh1# 0-1

[Event "OGOLNOPOLSKA OLIMPIADA MLODZIEZY<br/>MISTRZOSTWA POLSKI JUNIOROW 2016 - C14"]
[Site "Olecko"]
[Date "2016-05-07"]
[Round "7.14"]
[White "Szczurek, Krzysztof"]
[Black "Kawaler, Adam"]
[Result "1-0"]
[WhiteTitle "I"]
[BlackTitle "I"]
[WhiteElo "1991"]
[BlackElo "1764"]

1. e4 e6 2. c4 c5 3. Nc3 Nc6 4. Nf3 Nge7 5. d4 cxd4 6. Nxd4 d5 7. cxd5 exd5 8.
Bb5 a6 9. Nxc6 bxc6 10. Ba4 dxe4 11. Qe2 Qc7 12. Qxe4 Bf5 13. Qf3 O-O-O 14. O-O
Be6 15. Bg5 Bd7 16. Qxf7 Qe5 17. Bf4 Qe6 18. Qxe6 Bxe6 19. Rfe1 Bd7 20. Bg5 Re8
21. Rac1 Nf5 22. Rxe8+ Bxe8 23. Ne2 Be7 24. Bxe7 Nxe7 25. Nd4 Kb7 26. Re1 Nd5
27. Rxe8 Rxe8 28. Bxc6+ Kc7 29. Bxe8 1-0

[Event "OGOLNOPOLSKA OLIMPIADA MLODZIEZY<br/>MISTRZOSTWA POLSKI JUNIOROW 2016 - C14"]
[Site "Olecko"]
[Date "2016-05-07"]
[Round "7.15"]
[White "Paliwoda, Borys"]
[Black "Golenia, Jan"]
[Result "0-1"]
[WhiteTitle "II"]
[BlackTitle "I"]
[WhiteElo "1694"]
[BlackElo "1973"]

1. d4 d5 2. Nf3 Nf6 3. Bf4 Bf5 4. c3 e6 5. e3 Nbd7 6. Nbd2 Be7 7. Be2 O-O 8. O-O
c5 9. Qb3 Qc8 10. Rfe1 c4 11. Qd1 h6 12. Nf1 b5 13. Ng3 Bh7 14. a3 Ne8 15. Nf1
Nd6 16. N1d2 Nf6 17. h3 a5 18. b4 Ra7 19. Qc1 Qa6 20. Qb2 Rfa8 21. Rac1 axb4 22.
axb4 Qa2 23. Qxa2 Rxa2 24. Nf1 Nde4 25. Ng3 R8a3 26. Nxe4 Nxe4 27. Ne5 Nxc3 28.
Bh5 g6 29. Bf3 Bxb4 30. Nd7 Be7 31. Bxh6 g5 32. Ne5 Ne4 33. Bxe4 Bxe4 34. f3 Bg6
35. Nxg6 fxg6 36. f4 gxf4 37. Bxf4 b4 38. e4 Bh4 39. Rf1 b3 40. Bd6 Ra8 41. exd5
exd5 42. Rb1 b2 43. Bb4 Rb8 44. Bc3 Rb3 45. Rf3 Rxc3 0-1

[Event "OGOLNOPOLSKA OLIMPIADA MLODZIEZY<br/>MISTRZOSTWA POLSKI JUNIOROW 2016 - C14"]
[Site "Olecko"]
[Date "2016-05-07"]
[Round "7.16"]
[White "Golecki, Jan"]
[Black "Radecki, Adam"]
[Result "1-0"]
[WhiteTitle "I+"]
[BlackTitle "I"]
[WhiteElo "1880"]
[BlackElo "1667"]

1. e4 c5 2. Nf3 d6 3. Bb5+ Bd7 4. Bxd7+ Qxd7 5. O-O Nc6 6. Nc3 g6 7. d4 cxd4 8.
Nxd4 Bg7 9. Be3 Nf6 10. h3 Rc8 11. f4 O-O 12. Nxc6 Qxc6 13. Qd3 a6 14. Rad1 b5
15. e5 dxe5 16. fxe5 Rfd8 17. Qxd8+ Rxd8 18. Rxd8+ Ne8 19. Nd5 Kf8 20. e6 f6 21.
b4 Qxe6 22. Rxe8+ Kxe8 23. Nc7+ Kd7 24. Nxe6 Kxe6 25. Bc5 1-0

[Event "OGOLNOPOLSKA OLIMPIADA MLODZIEZY<br/>MISTRZOSTWA POLSKI JUNIOROW 2016 - C14"]
[Site "Olecko"]
[Date "2016-05-07"]
[Round "7.17"]
[White "Skowron, Mateusz"]
[Black "Polczyk, Mikolaj"]
[Result "0-1"]
[WhiteTitle "I"]
[BlackTitle "I"]
[WhiteElo "1508"]
[BlackElo "1831"]

1. f4 d5 2. Nf3 g6 3. e3 Bg7 4. d4 Nf6 5. Bd3 c5 6. c3 Qd6 7. O-O O-O 8. Ne5 Nc6
9. Nd2 Nd7 10. Ndf3 f6 11. Nxc6 Qxc6 12. f5 gxf5 13. Bxf5 e5 14. Nh4 Nb6 15. Qh5
Bxf5 16. Nxf5 Qc7 17. Rf3 Rf7 18. Rh3 Bf8 19. Rg3+ Kh8 20. Qg4 Bg7 21. Qh4 Rg8
22. Qg4 Rff8 23. Qh5 Rf7 24. Qg4 Rff8 25. Rh3 Bh6 26. Qh5 Bg5 27. dxc5 Na4 28.
b3 Nxc3 29. Ba3 Qf7 30. Qf3 Rd8 31. Bb4 Ne4 32. Rd1 a5 33. Bxa5 Ra8 34. b4 Nc3
35. Rd2 d4 36. Rd3 e4 37. Nd6 Qg6 38. Nxe4 Nxe4 39. Rxd4 Bxe3+ 40. Qxe3 Qxg2#
0-1

[Event "OGOLNOPOLSKA OLIMPIADA MLODZIEZY<br/>MISTRZOSTWA POLSKI JUNIOROW 2016 - C14"]
[Site "Olecko"]
[Date "2016-05-07"]
[Round "7.18"]
[White "Maciak, Jakub"]
[Black "Mike, Patryk"]
[Result "0-1"]
[WhiteTitle "II"]
[BlackTitle "I"]
[WhiteElo "1465"]
[BlackElo "1804"]

1. e4 e5 2. Nf3 Nc6 3. Bb5 a6 4. Ba4 Nf6 5. d4 exd4 6. O-O Be7 7. Re1 b5 8. Bb3
d6 9. Bd5 Nxd5 10. exd5 Ne5 11. Nxd4 O-O 12. Bf4 Bf6 13. Bxe5 Bxe5 14. Nc6 Qf6
15. Nxe5 dxe5 16. a4 Bf5 17. Qe2 Rab8 18. axb5 Rxb5 19. c4 Rb4 20. Nc3 Qg6 21.
Qxe5 Rxc4 22. Ra4 Bh3 23. Qg3 Qxg3 24. fxg3 Rxa4 25. Nxa4 Bd7 26. Nc5 Bb5 27.
Re7 Rc8 28. b4 Kf8 29. Re5 Rd8 30. Kf2 Bc4 31. g4 f6 32. Ne6+ Kg8 33. Re4 Bxd5
34. Rd4 Rd7 35. Nxc7 Rxc7 36. Rxd5 Rc4 37. Rd6 Rxb4 38. Rxa6 Rxg4 39. Ra7 Re4
40. Kf3 Re8 41. g4 Kf8 42. h4 Re7 43. Ra6 Kf7 44. Kf4 Rb7 45. Ra4 g6 46. Rc4 h6
47. Rc5 Ke6 48. Rc6+ Kf7 49. Rc5 Kg7 50. Rd5 g5+ 51. hxg5 fxg5+ 52. Kf5 Rf7+ 53.
Ke5 Re7+ 54. Kf5 Rf7+ 55. Ke5 h5 56. gxh5 Kh6 57. Ke6 Rf1 58. Ke5 Kxh5 59. Ke4
Kh4 60. Ke3 g4 61. Ke2 Rf6 62. Rd8 Kh3 63. Rh8+ Kg2 64. Ke3 g3 65. Rg8 Kh2 66.
Rh8+ Kg1 67. Rg8 Kg2 68. Rg7 Ra6 69. Rg8 Ra3+ 70. Ke2 Kh2 71. Rh8+ Kg1 72. Rg8
g2 73. Rg7 Kh2 74. Rh7+ Rh3 75. Rg7 g1=Q 0-1

[Event "OGOLNOPOLSKA OLIMPIADA MLODZIEZY<br/>MISTRZOSTWA POLSKI JUNIOROW 2016 - C14"]
[Site "Olecko"]
[Date "2016-05-07"]
[Round "7.19"]
[White "Kucharski, Bartlomiej"]
[Black "Psyk, Radoslaw"]
[Result "0-1"]
[WhiteTitle "II"]
[BlackTitle "k"]
[WhiteElo "1667"]
[BlackElo "2219"]

1. e4 c5 2. Nc3 e6 3. f4 Nc6 4. Nf3 g6 5. Bb5 Nge7 6. d3 d5 7. O-O Bg7 8. Qe1 O-O
9. Qh4 Nd4 10. Ba4 a6 11. a3 b5 12. Bb3 c4 13. dxc4 bxc4 14. Ba4 Nxf3+ 15. Rxf3
dxe4 16. Nxe4 Bb7 17. Rh3 h5 18. Nc3 Bxc3 19. bxc3 Qd1+ 20. Kf2 Rad8 21. Qg5 Rd5
22. Qg3 Rfd8 23. Qe3 Rd2+ 24. Bxd2 Rxd2+ 25. Qxd2 Qxd2+ 26. Kf1 Bxg2+ 27. Kg1
Bxh3 28. Kh1 Qg2# 0-1

[Event "OGOLNOPOLSKA OLIMPIADA MLODZIEZY<br/>MISTRZOSTWA POLSKI JUNIOROW 2016 - C14"]
[Site "Olecko"]
[Date "2016-05-07"]
[Round "7.20"]
[White "Dixa, Oskar"]
[Black "Kopaczewski, Adam"]
[Result "1-0"]
[WhiteTitle "I"]
[BlackTitle "I"]
[WhiteElo "1630"]
[BlackElo "1854"]

1. d4 Nf6 2. c4 e5 3. dxe5 Ng4 4. Nf3 Bc5 5. e3 Nc6 6. Nc3 Ngxe5 7. Be2 d6 8. O-O
O-O 9. b3 Bf5 10. Bb2 Re8 11. Nd4 Bxd4 12. exd4 Ng6 13. d5 Nb4 14. Qd2 Qh4 15.
Nb5 Na6 16. Nd4 Bd7 17. Qc3 f6 18. g3 Qh3 19. Bf3 Ne5 20. Bg2 Qh5 21. Rae1 Ng4
22. h3 Ne5 23. f4 Ng6 24. g4 Qh4 25. Ne6 Kf7 26. g5 Rac8 27. Nxg7 Rxe1 28. Qxf6+
Kg8 29. Ne6 Rxf1+ 30. Kxf1 1-0

[Event "OGOLNOPOLSKA OLIMPIADA MLODZIEZY<br/>MISTRZOSTWA POLSKI JUNIOROW 2016 - C14"]
[Site "Olecko"]
[Date "2016-05-07"]
[Round "7.21"]
[White "Rogala, Milosz"]
[Black "Galuszka, Tomasz"]
[Result "1/2-1/2"]
[WhiteTitle "II"]
[BlackTitle "II+"]
[WhiteElo "1561"]
[BlackElo "1586"]

1. e4 c6 2. d4 d5 3. Nc3 dxe4 4. Nxe4 Bf5 5. Ng3 Bg6 6. h4 h6 7. Nf3 Nd7 8. h5
Bh7 9. Bd3 Bxd3 10. Qxd3 e6 11. Bd2 Ngf6 12. O-O-O Qc7 13. Qe2 O-O-O 14. Ne5 Nb6
15. Ba5 c5 16. Bxb6 axb6 17. dxc5 Bxc5 18. Nd3 Be7 19. Kb1 Nd5 20. Qf3 Qc4 21.
Ne5 Qb4 22. Qb3 Qxb3 23. cxb3 Rhf8 24. Ne4 Bf6 25. Nxf6 gxf6 26. Ng4 Rg8 27. Nxh6
Rg7 28. g4 Rh8 29. g5 f5 30. Rd4 Rxg5 31. Nxf7 Rgxh5 32. Rc1+ Kd7 33. Nxh8 Rxh8
34. Rcd1 Rc8 35. Rc4 Rh8 36. Rcd4 Rc8 37. Rc4 Rh8 38. Rcd4 Rc8 39. Rc4 Rh8 40.
Rcd4 Rc8 41. a4 1/2-1/2

[Event "OGOLNOPOLSKA OLIMPIADA MLODZIEZY<br/>MISTRZOSTWA POLSKI JUNIOROW 2016 - C14"]
[Site "Olecko"]
[Date "2016-05-07"]
[Round "7.22"]
[White "Musiala, Jakub"]
[Black "Maciejewski, Kamil"]
[Result "1-0"]
[WhiteTitle "II+"]
[BlackTitle "I"]
[WhiteElo "1629"]
[BlackElo "1656"]

1. e4 e6 2. d4 d5 3. exd5 exd5 4. Bd3 Bd6 5. h3 Nc6 6. c3 Be6 7. Ne2 Qd7 8. O-O
Nge7 9. Bf4 h6 10. Nd2 g5 11. Bxd6 Qxd6 12. Ng3 O-O-O 13. Qc2 h5 14. Nf5 Nxf5
15. Bxf5 Qe7 16. Rae1 Bxf5 17. Qxf5+ Qd7 18. Qxg5 Rdg8 19. Qh4 Qf5 20. Nb3 Rg6
21. f3 Rhg8 22. Rf2 Rf6 23. Kh1 Nd8 24. Re5 Qg6 25. Qxh5 Qb1+ 26. Kh2 Qxa2 27.
Nc5 b6 28. Nd3 Qc4 29. Nb4 c6 30. Nc2 Qa6 31. Ne3 Qb7 32. Nf5 Re6 33. Rxe6 Qd7
34. Re7 1-0